000 00926cam a22002893a 4500
001 21666
003 PGUSA
005 20140828083448.0
008 070603s2007||||xxu|||||s|||||000 1 eng d
040 _aPGUSA
_beng
042 _adc
050 4 _aPZ
100 1 _aMathews, Joanna H.
_q(Joanna Hooe),
_d1849-1901
245 1 0 _aUncle Rutherford's Nieces :
_bA Story for Girls
_h[electronic resource] /
_cJoanna H. Mathews
260 _bProject Gutenberg,
_c2007
506 _aPublic domain in the USA.
516 _aElectronic text
653 _aChristian life -- Juvenile fiction
653 _aUncles -- Juvenile fiction
653 _aFamilies -- Juvenile fiction
653 _aConduct of life -- Juvenile fiction
653 _aPeanut industry -- Juvenile fiction
653 _aSeashore -- Juvenile fiction
830 0 _aProject Gutenberg
_v21666
856 4 0 _uhttp://www.gutenberg.org/ebooks/21666
942 _cEB
999 _c250921
_d250921